LEADER 00816nab a2200145 i 4500 001 000000285481 003 CaOOAMICUS 005 20150320000000.0 008 150320n xx uu u0 0und r 013 $a38961 040 $aSeMil$bita 245 10$aTempo di Pasqua :$bAscensione, Pentecoste, Ss. Trinità, Ss. Corpo e Sangue di Cristo, 11. Domenica tempo ordinario. - 48 p. ; 25 cm. - (Ascolto e Annuncio ; Anno B, 3). - Titoli dalla prima pagina. 500 $a4 gennaio 2015 - Supplemento. 773 0 $t[2015 : Gennaio-Giugno].$dBologna : Centro Editoriale Dehoniano, 2015.$w()237789 996 $6245$aTempo di Pasqua :$bAscensione, Pentecoste, Ss. Trinità, Ss. Corpo e Sangue di Cristo, 11. Domenica tempo ordinario. - 48 p. ; 25 cm. - (Ascolto e Annuncio ; Anno B, 3). - Titoli dalla prima pagina.$9(OLS)http://semarc/title/366119 LEADER 01293nam a2200301 i 4500 001 000000116763 003 CaOOAMICUS 005 20030627000000.0 008 030627s1991 it u000 u ita u 013 $a89452 020 $a88-311-5321-8 040 $aSeMil$bita 100 1 $aFiévet, Michel.$0(OLS)http://semarc/name/48746 240 10$aPetite vie de Jean-Baptiste de La Salle.$0(OLS)http://semarc/title/171261 245 10$aGiovanni Battista de La Salle :$bmaestro di educatori /$cMichel Fiévet. 250 $aEd. italiana. 260 $aRoma :$bCittà Nuova,$ccopyr. 1991. 300 $a190 p., [8] p. di tav. ;$c20 cm. 500 $aContiene : Appendice. - Fondo Card. C.M. Martini. 600 14$aLa Salle, Giovanni Battista : de .$0(OLS)http://semarc/subject/7478 700 1 $aBarbaglia, Serafino,$c.$0(OLS)http://semarc/name/3217 850 $aSeMil 852 $aSeMil$W1$xVenegono$y1$m3H I 83$j72174$B72174$CSeMilBibl$Z2$F90941 $81 941 1 $a4 961 $aOmaggio: Martini Card. Carlo Maria 996 $6020$a88-311-5321-8$9(OLS)http://semarc/number/100966 996 $6245$aGiovanni Battista de La Salle :$bmaestro di educatori$9(OLS)http://semarc/title/171260 996 $6260$aRoma :$bCittà Nuova$9(OLS)http://semarc/publisher/29609 LEADER 01148nam a2200241 i 4500 001 000000200756 003 CaOOAMICUS 005 20110413000000.0 008 110413s1899 it u000 u ita u 013 $a179457 040 $aSeMil$bita 100 1 $aAvogadri, Umberto.$0(OLS)http://semarc/name/72564 245 13$aIl Papa nel diritto internazionale pubblico /$cUmberto Avogadri. 260 $aFerrara :$bPrem. Stab. Tip. Giovanni Zuffi,$c1899. 300 $a110 p. ;$c23 cm. 500 $aSul front. : Lavoro presentato al Corpo Accademico del R. Istituto di Scienze Sociali in Firenze, per conseguire il Diploma Supreiore del biennio di perfezionamento e pratica. 650 4$aPapato.$0(OLS)http://semarc/subject/786 650 4$aPapato - Potere temporale.$0(OLS)http://semarc/subject/4991 773 0 $t[Miscellanea politica.$w()24752 850 $aSeMil 852 $aSeMil$W1$xVenegono$y1$m5A II 20/10 FA$j151285$B151285$CSeMilBibl$Z2$F162536 $8I 996 $6245$aIl Papa nel diritto internazionale pubblico$9(OLS)http://semarc/title/290368 996 $6260$aFerrara :$bPrem. Stab. Tip. Giovanni Zuffi$9(OLS)http://semarc/publisher/51524